Airspeak : radiotelephony communication for pilots : (Record no. 26033)
[ view plain ]
| 000 -LEADER | |
|---|---|
| fixed length control field | 00471nam a22001697a 4500 |
| 005 - DATE AND TIME OF LATEST TRANSACTION | |
| control field | 20230717134612.0 |
| 008 - FIXED-LENGTH DATA ELEMENTS--GENERAL INFORMATION | |
| fixed length control field | 230717b |||||||| |||| 00| 0 eng d |
| 020 ## - INTERNATIONAL STANDARD BOOK NUMBER | |
| ISBN | 0130209759 |
| 082 ## - DEWEY DECIMAL CLASSIFICATION NUMBER | |
| Classification number | 428.3402 |
| Item number | ROB-A |
| 100 ## - MAIN ENTRY--AUTHOR | |
| Author Name | Robertson, F. A. (Fiona A.), |
| 245 ## - TITLE STATEMENT | |
| Title | Airspeak : radiotelephony communication for pilots : |
| 260 ## - PUBLICATION, DISTRIBUTION, ETC. | |
| Place of Publication | UK |
| Name of publisher, distributor, etc. | Prentice Hall |
| Date of publication, distribution, etc. | 1987 |
| 300 ## - PHYSICAL DESCRIPTION | |
| Pages | 219 |
| 650 ## - SUBJECT ADDED ENTRY--TOPICAL TERM | |
| Subject / Department | Engineering/Avionics |
| 700 ## - ADDED ENTRY--PERSONAL NAME | |
| Personal name | Robertson, F. A. (Fiona A.), |
| 952 ## - LOCATION AND ITEM INFORMATION (KOHA) | |
| -- | 0 |
| -- | 0 |
| Lost status | Damaged status | Permanent Location | Current Location | Shelving Location | Date acquired | Full Call Number | Accession No./Barcode | Date last seen | item type |
|---|---|---|---|---|---|---|---|---|---|
| Superior Information Resource Center (SIRC) Superior University- Main Campus | Superior Information Resource Center (SIRC) Superior University- Main Campus | Engineering | 07/17/2023 | 428.3402 ROB-A 1987 | 20168 | 07/17/2023 | BOOK |
